| 000 | 01702nam2a2200253 4500 | ||
|---|---|---|---|
| 001 | RU\NLR\BIBL_A\022030661 | ||
| 005 | 20260405221654.0 | ||
| 035 | _a(NLR Aleph) 022030661 | ||
| 090 |
_a12539101 _c12539101 |
||
| 100 | _a20230919d2005 |||y0rusy50 ca | ||
| 101 | 0 | _arus | |
| 102 | _aRU | ||
| 200 | 1 |
_aПротивоэпидемические мероприятия в ПАО. Тактика аутопсий. Особо опасные инфекции. СПИД. Туберкулез. Прионовые болезни. Атипичная пневмония _fВ.Л. Белянин, Г.В. Волкова, Г.С. Степанова, Г.Б. Ковальский |
|
| 210 |
_d2005 _aБ. м. |
||
| 461 | 0 |
_1001RU\NLR\Per\504165 _12001#$aБиблиотека патологоанатома$eнаучно-практический журнал$fРос. о-во патологоанатомов, С.-Петерб. гор. патологоанатом. бюро$vВып. 64 _94214865 _cСанкт-Петербург _d2005 - _fРос. о-во патологоанатомов, С.-Петерб. гор. патологоанатом. бюро _nГПАБ _oнаучно-практический журнал _tБиблиотека патологоанатома _vВып. 64 |
|
| 701 | 1 |
_aБелянин _bВ. Л. |
|
| 701 | 1 |
_8rus _7ca _aВолкова _bГ. В. _cврач-эпидемиолог _gГалина Владимировна _3RU\NLR\AUTH\7799966 _982892 |
|
| 701 | 1 |
_7ca _8rus _aСтепанова _bГ. С. _cврач-эпидемиолог _9259749 _3RU\NLR\AUTH\770259805 |
|
| 701 | 1 |
_aКовальский _bГ. Б. |
|
| 852 |
_aNLR _jП16/1904 |
||
| 942 | _cISSUE | ||
| 980 | _aNB | ||
| 980 | _aRUSPER | ||